000 00746nam a22002057a 4500
005 20100802115619.0
010 _aENG-97736
020 _c75.00
035 _aEN-81269
037 _bDBAD/PUB
082 _a541.369
100 _aJayanthi, S
_95120
245 _aGroup theory and satistical thermodynamics /
_cby S. Jayanthi [and] M. Pramesh
260 _aChennai
_bSaratha Pathippagam
270 _aG-4, Shanthi Apartments, 3, Sri Krishanapuram Street, Royapettah
_bChennai
_e600014
300 _a138p.
_c21cm (pbk)
700 _aPramesh, M
_93981
942 _2ddc
_cEN
_h541.369
_mJAY
999 _c38572
_d38572